Object Oriented Programming With C++/ (Record no. 29152)

MARC details
000 -LEADER
fixed length control field 00859nam a22002177a 4500
008 - FIXED-LENGTH DATA ELEMENTS--GENERAL INFORMATION
fixed length control field 090811t xxu||||| |||| 00| 0 eng d
010 ## - LCCN (DPL NO)
LC control number B-317449
020 ## - INTERNATIONAL STANDARD BOOK NUMBER
International Standard Book Number 9780195681529
Terms of availability 245-00
035 ## - SYSTEM CONTROL NUMBER
System control number B-317449
037 ## - SOURCE OF ACQUISITION
Stock number UBH
Source of stock number/acquisition RP/CL/E;13/20-02-09/25-02-09/28-02-09
040 ## - CATALOGING SOURCE
Original cataloging agency dpl
Language of cataloging eng
082 ## - DEWEY DECIMAL CLASSIFICATION NUMBER
Classification number 005.13
100 ## - MAIN ENTRY--PERSONAL NAME
Personal name Sahay Sourav
245 ## - TITLE STATEMENT
Title Object Oriented Programming With C++/
Statement of responsibility, etc by Sourav Sahay
260 ## - PUBLICATION, DISTRIBUTION, ETC. (IMPRINT)
Place of publication, distribution, etc New delhi
Name of publisher, distributor, etc Oxford University Press
Date of publication, distribution, etc 2006
270 ## - ADDRESS
Address YMCA Library Building Jai Singh Road
City New Delhi
Postal code 110001
300 ## - PHYSICAL DESCRIPTION
Extent vii, 477pgs
Dimensions 24cm
942 ## - ADDED ENTRY ELEMENTS (KOHA)
Source of classification or shelving scheme Dewey Decimal Classification
Item type English Books
Classification part 005.13
Call number suffix SAH
Holdings
Withdrawn status Lost status Source of classification or shelving scheme Damaged status Not for loan Home library Current library Date acquired Cost, normal purchase price Total Checkouts Full call number Barcode Date last seen Cost, replacement price Koha item type
    Dewey Decimal Classification     Central Library Central Library 25/02/2009 245.00   005.13 SAH B-317449 11/08/2009 245.00 English Books

© Delhi Public Library
Hit Counter
free hit counter